La sucesin̤ ±mortis causa» de los tt̕ulos nobiliarios

Detalles Bibliográficos
Autor principal: Peralta y Carrasco, Manuel de
Formato: eBook
Lenguaje:español
Publicado: Madrid : Dykinson, 2006
Materias:
Acceso en línea:http://www.vlex.com/source/7047

MARC

LEADER 00000nam a22000007a 4500
005 20130304152158.0
007 cr|||| ||||
008 130304e2006 sp |||||s|||| 00||0 spa d
020 |a 978-84-9031-194-3 
035 |a 7047 
040 |a vLex 
090 |c 3816  |d 3816 
100 1 0 |a Peralta y Carrasco, Manuel de  
245 1 3 |a La sucesin̤ ±mortis causa» de los tt̕ulos nobiliarios  |h [Recurso electrn̤ico] 
256 |a Servicio en ln̕ea 
260 |a Madrid :  |b Dykinson,   |c 2006 
300 |a 1 Recurso electrn̤ico 
506 |d vLex Global  |d vLex Global (Academic Edition, excluding Law Schools)  |d vLex Global (U.S. Academic Edition, Law Schools)  |d vLex Global (U.S. Academic Edition, excluding Law Schools)  |d vLex Global (Academic Edition, Law Schools) 
650 0 4 |a Derecho civil  |z Espaą 
650 0 4 |a Tt̕ulos nobiliarios  |z Espaą 
740 |a vLex Libros (Servicio en ln̕ea) 
856 |a Acceso restringido  |u http://www.vlex.com/source/7047 
942 |c BOOK 
999 0 |a Civil law